40 Most Famous Cities in Austria on a Map - Statistics

General Stats
  • This quiz has been taken 191 times
  • The average score is 17 of 42
Answers on the Map
Answers color-coded by a green-red scale on the quiz's map according to % correct below.
 
Answer Stats
Wiki Monthly Views Cityquiz Mention Rate Population Answers % Correct
435.97K 60.17% 2005.76K Vienna
99%
93.80K 20.82% 132.19K Innsbruck
97%
143.46K 31.97% 157.40K Salzburg
95%
88.13K 20.93% 302.75K Graz
93%
65.15K 14.89% 211.94K Linz
91%
36.88K 7.60% 104.87K Klagenfurt am Wörthersee
69%
24.64K 3.83% 29.64K Bregenz
64%
22.97K 3.96% 65.60K Villach
62%
19.54K 3.44% 58.86K Sankt Pölten
60%
18.44K 2.51% 48.52K Wiener Neustadt
57%
11.59K 1.19% 51.88K Dornbirn
56%
15.25K 2.10% 65.29K Wels
55%
10.20K 1.20% 36.38K Feldkirch
52%
15.13K 1.76% 16.04K Eisenstadt
48%
48.93K 1.09% 17.63K Braunau am Inn
45%
13.62K 0.93% 25.36K Krems an der Donau
44%
15.77K 1.47% 38.03K Steyr
44%
9.05K 0.85% 24.61K Leoben
42%
13.08K 2.34% 12.04K Lienz
41%
53.12K 0.90% 0.74K Hallstatt
40%
6.74K 1.77% 25.08K Wolfsberg
40%
10.93K 0.83% 25.92K Baden bei Wien
38%
22.17K 1.23% 8.28K Kitzbühel
36%
13.71K 0.90% 20.17K Kufstein
35%
8.74K 0.45% 28.12K Klosterneuburg
33%
8.38K 0.87% 23.90K Amstetten
31%
18.65K 1.11% 10.29K Zell am See
31%
9.65K 0.65% 5.67K Melk
26%
19.34K 7.87% 0.11K Fugging
21%
15.07K 1.01% 1.64K Ischgl
21%
8.40K 0.30% 2.37K St Anton am Arlberg
21%
9.72K 0.51% 13.25K Gmunden
18%
9.78K 0.48% 6.55K Schladming
18%
13.93K 0.46% 14.17K Bad Ischl
17%
7.27K 0.62% 10.75K Bischofshofen
15%
7.89K 0.36% 3.13K Kaprun
15%
8.09K 0.60% 3.11K Sölden
15%
8.38K 0.24% 3.62K Mariazell
12%
13.44K 0.35% 4.04K Bad Gastein
11%
9.81K 0.06% 3.64K Seefeld in Tirol
7%
16.46K 0.04% 2.50K Thal
7%
9.43K 0.05% 1.90K Altaussee
6%
No matching quizzes found
Score Distribution
Percent of People with Each Score
Percentile by Number Answered
Your Score History
You have not taken this quiz